La lengua nacional de Catalunya

Kaydedildi:
Detaylı Bibliyografya
Yazar: Colomines, Joan
Materyal Türü: Kitap
Dil:Undetermined
Baskı/Yayın Bilgisi: España Generalitat de Catalunya 1992
Konular:
Etiketler: Etiketle
Etiket eklenmemiş, İlk siz ekleyin!

MARC

LEADER 00000nam a2200000Ia 4500
008 170316s9999 xx 000 0 und d
090 |a 410 C-13L 
100 |a Colomines, Joan 
245 |a La lengua nacional de Catalunya 
260 |a España 
260 |b Generalitat de Catalunya 
260 |c 1992 
300 |a 213 páginas 
650 |a LINGÜÍSTICA 
999 |c 18271  |d 18271 
040 |a cru BVZT 
942 |c 15 D  |h 410 C-13L  |2 z